书目信息 |
| 书名: | ground swell | |
| 作者: | CHARLENE LI JOSH BERNOFF | |
| 分册号: | ||
| 分册名: | 出版地: | America |
|
| 出版社: | harvard business press.boston,massachusetts | |
| 出版时间: | 2008 | |
| 页数: | 286p | |
| 开本: | 23cm | |
| 丛书名: | ||
| 中图分类号: | ||
| 科图分类号: | ||
| 其他分类号: | C39-05 | |
| 主题词: | ||
| 电子资源: | ||
| 000 | 00534nam0 2200193 450 | |
| 001 | 052012176024 | |
| 005 | 20121107084806.0 | |
| 008 | 20021229d1997 em y0chiy0121 ea | |
| 020 | @a978-1-422-12500-7@bhard@c$29.95 | |
| 041 | @aeng | |
| 091 | @aC39-05 | |
| 099 | @dC39-05@eC474 | |
| 100 | @aCHARLENE LI JOSH BERNOFF | |
| 245 | 10 | @aground swell@cCHARLENE LI JOSH BERNOFF |
| 260 | @aAmerica@bharvard business press.boston,massachusetts@c2008 | |
| 300 | @a286p@c23cm | |
| 521 | @agroundswell | |
| 905 | @b7513-5 | |
| 905 | @aTSG@dC39-05@eC474 | |
| ground swell / CHARLENE LI JOSH BERNOFF.-America : harvard business press.boston,massachusetts , 2008 |
| 286p ; 23cm |
| groundswell |
| ISBN 978-1-422-12500-7hard$29.95 |
| ● |
| 相关链接 |
|
|
|
正题名:ground swell
索取号:C39-05/C474
 
预约/预借
| 序号 | 登录号 | 条形码 | 馆藏地/架位号 | 状态 | 备注 |
| 1 | 7513 | 300075139 | 社科库509/509社科库 130排1列4层/ [索取号:C39-05/C474] | 在馆 | |
| 2 | 7514 | 300075148 | 社科库509/509社科库 130排1列4层/ [索取号:C39-05/C474] | 在馆 | |
| 3 | 7515 | 300075157 | 社科库509/509社科库 130排1列4层/ [索取号:C39-05/C474] | 在馆 |